Katak yang sombong

Bibliographic Details
Main Author: Hamdan Mohd Ali
Corporate Author: Title
Format: Book
Published: Selangor : Pustaka Mawar , 2005
Series:Siri bacaan mutiara
Subjects:

MARC

LEADER 00000cam a2200000 7i4500
001 0000001101
005 20220105103918.0
008 070704
020 |a 983875448X(set) 
020 |a 983875451X 
090 0 0 |a JP   |b ANM MAL (1207) 
100 0 |a Hamdan Mohd Ali 
245 1 0 |a Katak yang sombong   |c Hamdan Mohd Ali 
260 |a Selangor :   |b Pustaka Mawar ,   |c 2005 
440 0 |a Siri bacaan mutiara 
500 |a Children age 4-6 years old (yellow) 
650 0 |a Animal 
650 0 |a Junior preschool   |x Malay   |x Languages 
710 0 |a Title 
999 |a 0000958422   |b Book   |c Children Collection   |e Cawangan Tmn. Ungku Tun Aminah 
999 |a 0000958423   |b Book   |c Children Collection   |e Cawangan Tmn. Ungku Tun Aminah 
999 |a 0000958424   |b Book   |c Children Collection   |e Perbadanan Perpustakaan Awam Johor 
999 |a 0000958425   |b Book   |c Children Collection   |e Perbadanan Perpustakaan Awam Johor 
999 |a 0000958426   |b Book   |c Children Collection   |e Perbadanan Perpustakaan Awam Johor